000 00807nam a22001815i 4500
001 161210
003 ES-MaACL
005 20230906212221.0
008 041020s1875 sp |||| | spa d
040 _aCAM
_bspa
_cCAM
100 1 _aOzcariz y Lasaga, Víctor.
_988071
245 1 3 _aEl universo espiritista
_b: explicacion del cuadro titulado imágen del universo y del espiritismo filosófico /
_cpor Victor Ozcariz y Lasaga.
260 _aSantander :
_b[s.n.],
_c1875 (
_fImprenta de Evaristo Lopez Herrero)
300 _a191 p., [1] h. pleg. de lám. ;
_c23 cm.
599 _aLa h. de lám. pleg. "Imágen alegoria del universo y del espiritismo religioso"
650 4 _aEspiritismo.
_912502
852 _aES-MaACL
_jT-264-F-3
_z-- Enc. hol.
_q-- Falto de la cub. original
_z-- Enc. en un vol. facticio
999 _c161210
_d161210